| 000 | 00564nam a2200169Ia 4500 | ||
|---|---|---|---|
| 003 | GCL | ||
| 008 | 140319s9999 xx 000 0 ara d | ||
| 040 |
_aGCL / _cGCL |
||
| 082 | 0 | 4 |
_a813.0097 _bك م |
| 100 | 1 | _aكريم الوائلى | |
| 245 | 1 | 0 |
_aالمواقف النقدية بين الذات والموضوع (دراسة لنقد القصة القصيرة) / _cكريم الوائلى |
| 260 |
_a[S.N] : _bالعربى للنشر والتوزيع ، _c1986 |
||
| 300 | _a246 ص | ||
| 490 | _a | ||
| 650 | 0 | 4 | _aالقصص العربية |
| 942 |
_2ddc _cBK |
||
| 999 |
_c55947 _d55947 |
||